Europäische Länder, die nicht mit einem Konsonanten enden - Statistiken

Allgemein
  • Dieses Quiz wurde 964 mal gespielt
    955 seit der letzten Aktualisierung
  • Das Durchschnittsergebnis liegt bei 8 aus 11
Antwortstatistiken
Land % Korrekt
Andorra
91%
San Marino
87%
Monaco
86%
Kosovo
84%
Malta
79%
Slowakei
78%
Ukraine
78%
Montenegro
77%
Niederlande
73%
Bosnien und Herzegowina
52%
Moldau
37%
Keine übereinstimmenden Quizze gefunden
Verteilung der Resultate
Anzahl Personen mit jedem Resultat
Perzentil nach korrekt beantworteten Fragen
Ihre Resultats-Entwicklung
Sie haben dieses Quiz seit der letzten Aktualisierung nicht gespielt